01006nam a2200241Ia 450000500170000000800410001705000220005810000470008024501570012726000290028430000230031333600100033633700140034633800120036050400420037250501250041451900440053965000240058365000230060794200070063095201100063799900170074720231102151243.0120720s1999 mx 000 0 spa d aKGF5819bM67 199910aMorales Martínez, Salvador Ismaeleautor10aPractica Forense Penalc / Salvador Ismael Morales Martínezb : Averiguación previa - intrucción pre - instrucción - ministerio público amparo aMéxicob : OGSc, 1999 axix, 402 páginas atexto asin medio avolumen aIncluye: bibliografía (pp. 401-402)1 aAveriguación previa Etapa de preinstrucción Etapa de instrucción Amparo indirecto Las pruebas en el proceso penal aMaterial Complementario / d(03 000627)14aPROCEDIMIENTO PENAL24aPRÁCTICA FORENSE cLB 00104070a03b03d2001-05-15l4oKGF5819 M67 1999p03 000627r2014-09-30s2014-09-30t1w2012-07-20yLB c78808d78808